Statistics for 2009 - 2003 Final CFB AP Polls

Click here to take the quiz!

General Stats

  • This quiz has been taken 6 times
  • The average score is 63 of 70

Answer Stats

Answer% Correct
1Alabama
100%
8Alabama
100%
6Alabama
100%
2Auburn
100%
9Auburn
100%
8Cincinnati
100%
4
Texas
100%
3Florida
100%
1Florida
100%
1Florida
100%
10Georgia
100%
7Georgia
100%
2Georgia
100%
7Georgia
100%
8Iowa
100%
7Iowa
100%
8Iowa
100%
7Kansas
100%
2LSU
100%
6LSU
100%
3LSU
100%
1LSU
100%
8Michigan
100%
6Michigan
100%
9Notre Dame
100%
5Ohio State
100%
9Ohio State
100%
4Ohio State
100%
5Ohio State
100%
4Ohio State
100%
2Ohio State
100%
3Oklahoma
100%
3Oklahoma
100%
5Oklahoma
100%
8Oklahoma
100%
10Oregon
100%
3Penn State
100%
9Penn State
100%
8Penn State
100%
6TCU
100%
7TCU
100%
2Texas
100%
5Texas
100%
1Texas
100%
1USC
100%
1USC
100%
3USC
100%
3USC
100%
2USC
100%
4USC
100%
2Utah
100%
4Utah
100%
9Washington State
100%
7Wisconsin
100%
4Boise State
67%
5Boise State
67%
10Boston College
67%
6Louisville
67%
6Louisville
67%
4Missouri
67%
10Virginia Tech
67%
7Virginia Tech
67%
9Virginia Tech
67%
10Virginia Tech
67%
5West Virginia
67%
10West Virginia
67%
6West Virginia
67%
9California
33%
5Miami (FL)
0%
10Miami (OH)
0%

Score Distribution

Percentile by Number Answered

Percent of People with Each Score

Your Score History

You have not taken this quiz